Menganyam pelangi
| Main Author: | |
|---|---|
| Format: | Book |
| Published: |
Kuala Lumpur :
DBP ,
1991
|
| Subjects: |
MARC
| LEADER | 00000cam a2200000 7i4500 | ||
|---|---|---|---|
| 001 | 0000006705 | ||
| 002 | 000007229 | ||
| 005 | 20000330.0 | ||
| 020 | |a 983622131X | ||
| 090 | 0 | 0 | |a F |b REJ |
| 100 | 0 | |a Rejab F.I | |
| 245 | 1 | 0 | |a Menganyam pelangi |c Rejab F.I |
| 260 | |a Kuala Lumpur : |b DBP , |c 1991 | ||
| 300 | |a 202 p. ; |c 18 cm. | ||
| 650 | 0 | 0 | |a Short stories, Malay |
| 999 | |a 023348 |b BUKU |c PINJAMAN |e PERPUSTAKAAN KOMUNITI PETALING JAYA | ||
| 999 | |a 039484 |b BUKU |c PINJAMAN |e PERPUSTAKAAN KOMUNITI PETALING JAYA | ||